Größte Häfen - Welt - Statistiken

Allgemein
  • Dieses Quiz wurde 229 mal gespielt
  • Das Durchschnittsergebnis liegt bei 4 aus 15
Antwortstatistiken
Hint Antwort % Korrekt
14,46 Mio. Rotterdam / Niederlande
86%
47,30 Mio. Shanghai / China
79%
16,69 Mio. Hongkong / Hongkong
55%
37,29 Mio. Singapur / Singapur
52%
13,50 Mio. Antwerpen / Belgien
40%
30,04 Mio. Shenzhen / China
28%
24,86 Mio. Guangzhou / China
23%
22,08 Mio. Busan / Südkorea
16%
21,02 Mio. Tianjin / China
12%
12,44 Mio. Xiamen / China
11%
33,35 Mio. Ningbo-Zhoushan / China
9%
25,67 Mio. Qingdao / China
7%
13,22 Mio. Port Klang / Malaysia
5%
13,97 Mio. Port Jebel Ali / VAE
3%
10,51 Mio. Tanjung Pelepas / Malaysia
2%
Keine übereinstimmenden Quizze gefunden
Verteilung der Resultate
Anzahl Personen mit jedem Resultat
Perzentil nach korrekt beantworteten Fragen
Ihre Resultats-Entwicklung
Sie haben dieses Quiz noch nicht gespielt